书目信息 |
| 题名: |
生长曲线模型及其统计诊断
|
|
| 作者: | 潘建新 , 方开泰 著 | |
| 分册: | ||
| 出版信息: | 北京 科学出版社 2007.08 |
|
| 页数: | 387页 | |
| 开本: | 24cm | |
| 丛书名: | ||
| 单 册: | ||
| 中图分类: | O1 | |
| 科图分类: | ||
| 主题词: | 生长曲线--sheng zhang qu xian--模型 | |
| 电子资源: | ||
| ISBN: | 978-7-03-019532-6 | |
| 000 | 01056nam0 2200265 450 | |
| 001 | 012007917226 | |
| 005 | 20071130185241.64 | |
| 010 | @a978-7-03-019532-6@b精装@dCNY86.00 | |
| 100 | @a20071130d2007 km y0chi0120 ea | |
| 101 | 0 | @aeng |
| 102 | @aCN@b110000 | |
| 105 | @ay z 000yy | |
| 106 | @ar | |
| 200 | 1 | @a生长曲线模型及其统计诊断@Asheng zhang qu xian mo xing ji qi tong ji zhen duan@d= Growth curve models and statistical diagnostics@f潘建新, 方开泰著@Fpan jian xin,fang kai tai zhu@zeng |
| 205 | @a影印版 | |
| 210 | @a北京@c科学出版社@d2007.08 | |
| 215 | @a387页@d24cm | |
| 330 | @a本书介绍生长曲线模型的理论及方法,并着重描述了该模型的统计诊断方法,主要内容包括:模型背景、资料介绍、参数估计理论、似然、诊断及贝尔叶斯诊断等,同时也介绍了大量的统计方法。 | |
| 510 | 1 | @aGrowth curve models and statistical diagnostics@zeng |
| 606 | 0 | @a生长曲线@Asheng zhang qu xian@x模型 |
| 690 | @aO1@v4 | |
| 701 | 0 | @a潘建新@Apan jian xin@4著 |
| 701 | 0 | @a方开泰@Afang kai tai@4著 |
| 801 | 0 | @aCN@bQSSK@c20071130 |
| 905 | @b268225@dO1@eP147@f1 | |
| 生长曲线模型及其统计诊断= Growth curve models and statistical diagnostics/潘建新, 方开泰著.-影印版.-北京:科学出版社,2007.08 |
| 387页;24cm |
| ISBN 978-7-03-019532-6(精装):CNY86.00 |
| 本书介绍生长曲线模型的理论及方法,并着重描述了该模型的统计诊断方法,主要内容包括:模型背景、资料介绍、参数估计理论、似然、诊断及贝尔叶斯诊断等,同时也介绍了大量的统计方法。 |
| ● |
| 相关链接 |
|
|
|
正题名:生长曲线模型及其统计诊断
索取号:O1/P147
 
预约/预借
| 序号 | 登录号 | 条形码 | 馆藏地/架位号 | 状态 | 备注 |
| 1 | 268225 | 202682258 | 自科库401/401自科库 105排1列4层/ [索取号:O1/P147] | 在馆 |